000 00194 a2200097 4500
001 18936
100 _aRamsey A S
245 _aWeves
260 _a
_bOliver & boyd
_c1943
090 _c14024
_d14024
942 _aNUST-CAE
_cM
_c4475
999 _c254009
_d254009